Egyptian Museum, Cairo /
Other Authors:
Format: Book
Language: English
Published:
New York :
Newsweek, distribution by Simon and Schuster,
[c1969].
Series:
Great museums of the world (Newsweek)
Subjects:
Tags: Add Tag
Call Number: DT59 .C2 D75 1969
| LEADER | 00766namaa2200253 4500 | ||
|---|---|---|---|
| 001 | 5126 | ||
| 003 | OSt | ||
| 005 | 20260510130138.0 | ||
| 008 | 130303s1969 nyuae b 000 0 eng d | ||
| 010 | |a 69019066 | ||
| 035 | |a ocm00058437 | ||
| 040 | |c ARCE Library | ||
| 050 | 4 | |a DT59 .C2 D75 1969 | |
| 245 | 0 | 0 | |a Egyptian Museum, Cairo / |c [Texts by Sergio Donadoni]. |
| 264 | 1 | |a New York : |b Newsweek, distribution by Simon and Schuster, |c [c1969]. | |
| 300 | |a 169 pages : |b color illustrations, plans ; |c 30 cm. | ||
| 490 | 1 | |a Great museums of the world. | |
| 504 | |a Bibliography : page 168. | ||
| 610 | 2 | 0 | |a Matḥaf al-Miṣrī. |
| 700 | 1 | |a Donadoni, Sergio. | |
| 830 | 0 | |a Great museums of the world (Newsweek) | |
| 901 | |a reviewed | ||
| 942 | |c BK |2 lcc | ||
| 999 | |c 5074 |d 5074 | ||
